| 000 | 01776nam0a2200325 i 4500 | ||
|---|---|---|---|
| 001 | RU\NLR\bibl\2011162 | ||
| 005 | 20240921183940.0 | ||
| 010 |
_a9785812211998 _9100 |
||
| 021 |
_aRU _b2013-13269 _9947 |
||
| 035 | _a(NLR Aleph) 001999705 | ||
| 090 |
_a4341639 _c4341639 |
||
| 100 | _a20130313d2012 u y0rusy50 ca | ||
| 101 | 0 | _arus | |
| 102 | _aRU | ||
| 105 | _aa ||||||||| | ||
| 200 | 1 |
_aWEB-дизайн _eучебное пособие _eдля студентов высших учебных заведений по направлению 230400.62 - Информационные системы и технологии _fЗ.А. Рассадкина, Ю.Ю. Беспрозванный, П.В. Куракин _gМ-во образования и науки Рос. Федерации, Федер. гос. бюджет. образоват. учреждение высш. проф. образования Моск. гос. ун-т печати им. Ивана Федорова |
|
| 210 |
_aМосква _cМосковский государственный университет печати _d2012 |
||
| 215 |
_a252, [1] с. _cил. _d20 |
||
| 320 | _aБиблиогр.: с. 252-253 | ||
| 606 | 1 |
_aWWW, глобальная гипертекстовая система _jУчебные издания для высших учебных заведений _xГрафическое программирование _92101894 _3RU\NLR\auth\661271113 |
|
| 686 | _aЗ988.02-018.3я73-1 | ||
| 700 | 1 |
_aРассадкина _bЗ. А. _4070 |
|
| 701 | 1 |
_aБеспрозванный _bЮ. Ю. _4070 |
|
| 701 | 1 |
_aКуракин _bП. В. _4070 |
|
| 801 | 0 |
_aRU _bNLR _c20130313 _gRCR |
|
| 801 | 1 |
_aRU _bNLR _c20130313 |
|
| 942 | _cBOOK | ||
| 980 | _aNBR | ||